header

The modern construction of myth (Record no. 2477)

MARC details
000 -LEADER
fixed length control field 01123nam a22002894a 4500
082 04 - DEWEY DECIMAL CLASSIFICATION NUMBER
Classification number 398.2/09/03
100 1# - MAIN ENTRY--AUTHOR NAME
Personal name Von Hendy, Andrew,
245 14 - TITLE STATEMENT
Title The modern construction of myth
260 ## - PUBLICATION, DISTRIBUTION, ETC. (IMPRINT)
Place of publication Bloomington, IN :
Name of publisher Indiana University Press,
Year of publication c2002.
300 ## - PHYSICAL DESCRIPTION
Number of Pages xvii, 386 p.
650 #0 - SUBJECT ADDED ENTRY--TOPICAL TERM
Topical Term Myth
856 40 - ELECTRONIC LOCATION AND ACCESS
Uniform Resource Identifier http://site.ebrary.com/lib/rucke/Doc?id=10003028

No items available.

© 2026 Rongo University
Contact us: librarian | system librarian | Rongo university